Ophthalmologica
| Título anterior: | Zeitschrift für Augenheilkunde |
|---|---|
| Autores Corporativos: | , |
| Formato: | Electrónico Revista |
| Lenguaje: | alemán inglés francés |
| Publicado: |
Basel, New York
S. Karger.
|
| Materias: | |
| Acceso en línea: | Full text available from Research Library: 01/01/1998 to 10/31/2015 |
MARC
| LEADER | 00000nas a22000001 4500 | ||
|---|---|---|---|
| 001 | ssj0015991 | ||
| 003 | WaSeSS | ||
| 005 | 20200512172242.0 | ||
| 006 | m d | ||
| 007 | cr n | ||
| 008 | 751019c19389999sz bx p s 0 a0ger | ||
| 010 | |a sf 80000152 |z sn 80011785 | ||
| 016 | 7 | |a 0054655 |2 DNLM | |
| 016 | 7 | |a O07940000 |2 DNLM | |
| 016 | 7 | |a 007183611 |2 Uk | |
| 022 | |a 1423-0267 |l 0030-3755 |y 0030-3755 | ||
| 030 | |a OPHTAD | ||
| 035 | |a (WaSeSS)ssj0015991 | ||
| 040 | |a DLC |b eng |c MUL |d OCL |d NSD |d HUL |d DLC |d OCL |d SER |d RCS |d AIP |d NST |d CAS |d IUL |d OCL |d NLM |d OCLCQ |d NLGGC |d CDS |d LVB |d OCLCQ |d IUL |d UKMGB |d OCLCF |d WIC |d OCLCQ |d RDF |d OCLCQ |d OCLCO |d OCLCA |d L2U |d WaSeSS | ||
| 041 | 0 | |a eng |a fre |a ger | |
| 042 | |a nsdp |a pcc | ||
| 050 | 0 | 0 | |a RE1 |b .O438 |
| 060 | 0 | 0 | |a W1 |b OP337 |
| 060 | 0 | 0 | |a Film S04943 |
| 210 | 0 | |a Ophthalmologica |b (Basel) | |
| 222 | 0 | |a Ophthalmologica |b (Basel) | |
| 245 | 0 | 0 | |a Ophthalmologica |h [electronic resource]. |
| 246 | 3 | 1 | |a International journal of ophthalmology |
| 260 | |a Basel, |a New York |b S. Karger. | ||
| 310 | |a 8 issues yearly, |b <1982-> | ||
| 321 | |a Monthly | ||
| 362 | 0 | |a v. 96- 1938- | |
| 500 | |a "International journal of ophthalmology." | ||
| 506 | |a License restrictions may limit access. | ||
| 546 | |a Articles in English, German or French. Summaries in English, German, or French. | ||
| 550 | |a Organ of the Schweizerische Ophthalmologische Gesellschaft and the Nederlandsch Oogheelkundig Gezelschap, 1946- | ||
| 555 | |a Vols. 96-138 (1939-1959). | ||
| 650 | 0 | |a Ophthalmology |v Periodicals. | |
| 650 | 0 | |a Eye |x Diseases |v Periodicals. | |
| 650 | 2 | |a Ophthalmology. | |
| 650 | 6 | |a Ophtalmologie |v Périodiques. | |
| 650 | 7 | |a 44.95 ophthalmology. |0 (NL-LeOCL)077596862 |2 bcl | |
| 650 | 7 | |a Eye |x Diseases. |2 fast |0 (OCoLC)fst00919133 | |
| 650 | 7 | |a Ophthalmology. |2 fast |0 (OCoLC)fst01046503 | |
| 650 | 1 | 7 | |a Oogheelkunde. |2 gtt |
| 655 | 0 | |a Electronic journals. | |
| 710 | 2 | |a Nederlands Oogheelkundig Gezelschap. | |
| 710 | 2 | |a Schweizerische Ophthalmologische Gesellschaft. | |
| 770 | 0 | |t Bibliotheka ophthalmologica |w (OCoLC)1532833 | |
| 780 | 0 | 0 | |t Zeitschrift für Augenheilkunde |w (OCoLC)1770427 |
| 850 | |a CaMWM |a DLC |a ICRL |a InU |a PPF | ||
| 856 | 4 | 0 | |z Full text available from Research Library: 01/01/1998 to 10/31/2015 |u https://search.proquest.com/publication/41205 |